000 00629nam a2200229Ia 4500
003 OSt
005 20221007081121.0
006 a|||||r|||| 00| 0
007 ta
008 221006b |||||||| |||| 00| 0 eng d
024 _a25,977
037 _cTextual
040 _aFLL
_cFLL
_beng
041 _2eng
_aeng
082 _aXM55.73.N5, K7
100 _aKrainin Harold L.
_9696458
245 0 _aOperating your business as a corporate
260 _aNew York
_bOceana Publications , Inc.
_c1967
300 _a90p
_ccm.
942 _hXM55.73.N5, K7
_cTEXL
_2CC
999 _c1162079
_d1162079